|
|
|
|
| LEADER |
00000nam0a2200000 4500 |
| 001 |
98861 |
| 005 |
20231101214219.0 |
| 010 |
|
|
|a 5238009194
|
| 035 |
|
|
|a (RuTPU)RU\TPU\book\106004
|
| 090 |
|
|
|a 98861
|
| 100 |
|
|
|a 20060623d2006 m y0rusy50 ca
|
| 101 |
0 |
|
|a rus
|
| 102 |
|
|
|a RU
|
| 105 |
|
|
|a a j 001zy
|
| 200 |
1 |
|
|a Деловое общение
|e учебное пособие
|f Л. Г. Титова
|
| 210 |
|
|
|a Москва
|c Юнити
|d 2006
|
| 215 |
|
|
|a 271 с.
|c ил.
|
| 225 |
1 |
|
|a Конфиденциальность. Доверительность. Честность
|
| 320 |
|
|
|a Библиогр.: с. 267-269.
|
| 330 |
|
|
|a Дается анализ философско-этических и психологических предпосылок становления учебной дисциплины «Деловое общение», определяются ее предмет, методы и основные функции. Рассматриваются структура делового общения, его формы и виды. Проводится анализ социально-психологических процессов в деловом общении, его этических и технологических аспектов. Исследуются психологические характеристики деловых партнеров и технологии делового общения. Проверочные тесты дают возможность самостоятельно оценить полученные знания. Для студентов вузов, обучающихся по специальностям экономики и управления, а также по специальностям «Реклама» и «Связи с общественностью». Будет полезно предпринимателям, руководителям организаций и всем интересующимся проблемами делового общения.
|
| 606 |
|
|
|a Деловое общение
|x Психология
|2 stltpush
|3 (RuTPU)RU\TPU\subj\38805
|9 59088
|
| 610 |
1 |
|
|a психология
|
| 610 |
1 |
|
|a социальная психология
|
| 610 |
1 |
|
|a общение
|
| 610 |
1 |
|
|a теория
|
| 610 |
1 |
|
|a личность
|
| 610 |
1 |
|
|a деловые партнеры
|
| 610 |
1 |
|
|a психологические характеристики
|
| 610 |
1 |
|
|a технологии
|
| 610 |
1 |
|
|a тесты
|
| 610 |
1 |
|
|a учебные пособия
|
| 686 |
|
|
|a Ю953я73
|2 rubbk
|
| 700 |
|
1 |
|a Титова
|b Л. Г.
|g Лариса Григорьевна
|
| 801 |
|
1 |
|a RU
|b 63413507
|c 20060623
|g PSBO
|
| 801 |
|
2 |
|a RU
|b 63413507
|c 20190702
|g PSBO
|
| 900 |
|
|
|a Деловое общение
|
| 900 |
|
|
|a Деловой этикет
|
| 900 |
|
|
|a Деловое общение
|
| 942 |
|
|
|c BK
|
| 954 |
|
|
|b 080000
|b 030602
|b 032401
|
| 959 |
|
|
|a 57/20060619
|d 1
|e 146,52
|f ЧЗГЛ:1
|
| 959 |
|
|
|a 81/20101108
|d 5
|e 0
|f Ф_ТПУ_Новокузнецк:1
|